000 00710cab a2200253 4500
001 ABS44210
008 090401t1991 xxu||||| |||| 00| 0 eng d
035 _a(Sirsi) u45848
041 _aeng
100 _aBurton, M.
245 _aPast imperfect
260 _c1991
350 _a0
490 _aMunicipal Journal
_v(11) 15 March 1991, 29 (1)
520 _aLooks at Knowsley MDC `s efforts to refurbish their housing stock .
650 _aCOUNCIL HOUSING
650 _aESTATE ACTION PROGRAMME
650 _aHOUSING ESTATES
650 _aBUILT ENVIRONMENT-BUILDING MAINTENANCE AND REFURBISHMENT
650 _aRIGHT TO BUY
690 _aRefurbishment
_96264
942 _n0
948 _c04/03/1997
999 _c29006
_d29006